| 000 | 00552nam a2200205Ia 4500 | ||
|---|---|---|---|
| 008 | 131103s9999 xx 000 0 und d | ||
| 020 | _a8125009647 | ||
| 040 | _aLoreto College | ||
| 041 | _aEnglish | ||
| 082 |
_aREF _bLCBED/12798 |
||
| 100 | _aBronson, Marsha | ||
| 245 |
_aAmnesty International _cMarsha Bronson |
||
| 260 |
_aHyderabad _bOrient longman _c1996 |
||
| 300 |
_a64p. _b illus.,pic. _c 18cm. |
||
| 440 | _aOrganizations that help the world | ||
| 504 | _aIncludes index | ||
| 650 | _aMislenius | ||
| 850 | _aLCBED/REF | ||
| 942 | _cBK | ||
| 999 |
_c30901 _d81380 |
||